| 000 | 00757nss a2200265 a 4500 | ||
|---|---|---|---|
| 003 | AR-BaBNM | ||
| 005 | 20251128211600.0 | ||
| 008 | 144120s1999 ||||||||||||||000 | spa|| | ||
| 022 | _a0329-7853 | ||
| 040 | _cAR-BaBNM | ||
| 245 | 1 | 0 |
_aSalidas, paseos, excursiones _bcuando se abren las puertas del jardín |
| 246 | 2 |
_a0 a 5 _bla educación en los primeros años |
|
| 260 |
_aBuenos Aires _bEdiciones Novedades Educativas _c1999 |
||
| 300 |
_a93 p. _bil., fot. |
||
| 362 | 1 | _aAño 1, no. 1- | |
| 650 | 4 | _aEXCURSIONES AL AIRE LIBRE | |
| 650 | 4 | _aCAMPAMENTO | |
| 650 | 4 | _aCONCIERTOS | |
| 650 | 4 | _aEXPOSICIONES | |
| 650 | 4 | _aTEATRO | |
| 653 | _aEDUCACION INICIAL | ||
| 653 | _aACTIVIDADES EXTRAESCOLARES | ||
| 942 | _cCR | ||
| 998 | _cme-solo cat | ||
| 999 |
_c20295 _d20295 |
||